[Event "4th CNE NED-ch Women Rapid"]
[Site "Amstelveen"]
[Date "2018.11.18"]
[Round "6"]
[White "De Jong-Muhren, Bianca"]
[Black "Ratsma, Rosa"]
[Result "1-0"]
[WhiteElo "2243"]
[BlackElo "2269"]
[Annotator "NA"]
[PlyCount "99"]
[EventDate "2018.11.18"]
[EventType "tourn"]
[EventCountry "NED"]
[SourceTitle "playchess.com"]
[Source "ChessBase"]
[SourceQuality "1"]
[TimeControl "900+10"]

1. e4 {[%emt 0:00:00]} c5 {[%emt 0:00:00]} 2. Nf3 {[%emt 0:00:00]} Nc6 {[%emt 0:00:00]} 3. d4 {[%emt 0:00:00]} cxd4 {[%emt 0:00:01]} 4. Nxd4 {[%emt 0:00:00]} g6 {[%emt 0:00:02]} 5. c4 {[%emt 0:00:02]} d6 {[%emt 0:00:09]} 6. Nc3 {[%emt 0:00:09]} Nf6 {[%emt 0:00:02]} 7. Be2 {[%emt 0:00:22]} Nxd4 {[%emt 0:00:17]} 8. Qxd4 {[%emt 0:00:02]} Bg7 {[%emt 0:00:02]} 9. O-O {[%emt 0:01:04]} O-O {[%emt 0:00:07]} 10. Qd1 {[%emt 0:01:30]} Be6 {[%emt 0:00:27] LiveBook: 6 Games} 11. Be3 {[%emt 0:00:17] B36: Sicilian: Maroczy Bind: Gurgenidze System} Rc8 {[%emt 0:00:34]} (11... Qa5 12. Bd4 Rfc8 13. b3 a6 14. Nd5 Bxd5 15. exd5 Nd7 16. Re1 Rc7 17. Bxg7 Kxg7 18. Qd4+ Kg8 19. Bf1 Re8 20. Re3 {½-½ (53) Pantsulaia,L (2611)-Krivoshey,S (2531) Dubai 2006}) 12. b3 {[%emt 0:01:32]} b5 $146 {[%emt 0:01:19]} ({Predecessor:} 12... a6 $11 13. Rc1 Qa5 14. Bd2 Qc7 15. Kh1 Qb8 16. f3 Nd7 17. f4 f5 18. exf5 Bxf5 {½-½ (41) Stoyanov,T (2242)-Laverton,C (2088) Prague 2018}) 13. Nxb5 {[%emt 0:01:45]} Nxe4 {[%emt 0:00:10]} 14. Nxa7 {[%emt 0:00:23]} Nc3 {[%emt 0:00:35]} 15. Qd2 {[%emt 0:00:18]} Nxe2+ {[%emt 0:01:03]} 16. Qxe2 {[%emt 0:00:01]} Bxa1 {[%emt 0:00:17]} 17. Nxc8 {[%emt 0:00:18]} ({Not} 17. Rxa1 Ra8 $11) 17... Bg7 {[%emt 0:00:34]} 18. Na7 {[%emt 0:00:14]} Qa8 {[%emt 0:00:47]} (18... Qd7 $142) 19. Nb5 {[%emt 0:00:32]} Bd7 {[%emt 0:00:58]} 20. a4 {[%emt 0:00:24]} Qe4 {[%emt 0:00:43]} 21. Re1 {[%emt 0:00:45]} Bc6 {[%emt 0:00:29]} 22. f3 {[%emt 0:00:03]} Qf5 {[%emt 0:02:18]} 23. Nd4 {[%emt 0:00:19]} Qd7 {[%emt 0:00:07]} 24. Nxc6 {[%emt 0:00:20]} Qxc6 {[%emt 0:00:02]} 25. Qd3 {[%emt 0:00:58]} Rb8 {[%emt 0:00:24]} 26. a5 {[%emt 0:00:12]} e6 {[%emt 0:01:14]} 27. Bb6 {[%emt 0:00:38]} d5 {[%emt 0:01:21]} 28. c5 {[%emt 0:01:34]} Bf8 {[%emt 0:00:19]} 29. b4 {[%emt 0:00:09]} Qa4 {[%emt 0:00:06]} 30. Rb1 {[%emt 0:00:31]} Ra8 {[%emt 0:00:48]} 31. h3 {[%emt 0:01:39]} Bg7 {[%emt 0:01:14]} 32. Kh1 {[%emt 0:00:13]} Be5 {[%emt 0:00:40]} 33. Qd1 {[%emt 0:01:08]} Qb5 {[%emt 0:01:09]} 34. Qf1 {[%emt 0:00:03]} Qa4 {[%emt 0:00:15]} 35. f4 {[%emt 0:01:36]} Bc3 {[%emt 0:00:13]} 36. Qd3 {[%emt 0:00:07]} Bf6 {[%emt 0:01:09]} 37. Qd1 {[%emt 0:00:18]} Qb5 {[%emt 0:00:10]} 38. Qf1 {[%emt 0:00:02]} Qa4 {[%emt 0:00:08]} 39. b5 {[%emt 0:00:16]} Rc8 {[%emt 0:00:57]} 40. c6 {[%emt 0:00:10]} Bc3 $18 {[%emt 0:00:08]} 41. a6 {[%emt 0:00:12]} d4 {[%emt 0:00:18]} 42. Qd3 {[%emt 0:00:24]} h5 {[%emt 0:00:10]} 43. c7 {[%emt 0:00:25]} Qa2 {[%emt 0:00:13]} 44. Qe4 {[%emt 0:00:06]} Kh7 {[%emt 0:00:10]} 45. Rd1 {[%emt 0:00:18]} Ba5 {[%emt 0:00:03]} 46. Qb7 {[%emt 0:00:32]} Qc2 {[%emt 0:00:05]} 47. Rf1 {[%emt 0:00:35]} Qe2 {[%emt 0:00:17]} 48. Ra1 {[%emt 0:00:15]} Bxb6 {[%emt 0:00:13]} 49. Qxc8 {[%emt 0:00:07]} d3 {[%emt 0:00:07]} 50. Qd7 {[%emt 0:00:06]} 1-0

[Event "4th CNE NED-ch Women Rapid"]
[Site "Amstelveen"]
[Date "2018.11.18"]
[Round "6"]
[White "Kazarian, Anna-Maja"]
[Black "Van Foreest, Machteld"]
[Result "1-0"]
[WhiteElo "2194"]
[BlackElo "2003"]
[Annotator "ChessBase"]
[PlyCount "47"]
[EventDate "2018.11.18"]
[EventType "tourn"]
[EventCountry "NED"]
[SourceTitle "playchess.com"]
[Source "ChessBase"]
[SourceQuality "1"]
[TimeControl "900+10"]

1. Nf3 {[%emt 0:00:00]} Nf6 {[%emt 0:00:00]} 2. g3 {[%emt 0:00:00]} b6 {[%emt 0:00:00]} 3. Bg2 {[%emt 0:00:00]} Bb7 {[%emt 0:00:00]} 4. O-O {[%emt 0:00:09]} e6 {[%emt 0:00:03]} 5. d4 {[%emt 0:00:01]} Be7 6. c4 {[%emt 0:00:07]} O-O {[%emt 0:00:26]} 7. Nc3 {[%emt 0:00:04]} Ne4 {[%emt 0:00:36]} 8. Qc2 {[%emt 0:01:41]} Nxc3 {[%emt 0:00:37]} 9. Qxc3 {[%emt 0:00:02]} d5 {[%emt 0:00:03]} 10. Bf4 {[%emt 0:00:43]} c5 {[%emt 0:00:24]} 11. dxc5 {[%emt 0:00:53]} Bxc5 {[%emt 0:01:25]} 12. Rad1 {[%emt 0:00:04]} Qe7 {[%emt 0:00:54]} 13. a3 {[%emt 0:03:13]} a5 {[%emt 0:02:28]} 14. Qc2 {[%emt 0:00:03]} dxc4 {[%emt 0:00:56]} 15. Ng5 {[%emt 0:00:45]} g6 {[%emt 0:00:15]} 16. Bxb7 {[%emt 0:00:44]} Qxb7 {[%emt 0:00:02]} 17. Ne4 {[%emt 0:00:02]} Be7 {[%emt 0:00:56]} 18. Bh6 {[%emt 0:00:19]} Rc8 {[%emt 0:02:57]} 19. Qc3 {[%emt 0:00:22]} f6 {[%emt 0:00:01]} 20. Nxf6+ {[%emt 0:00:06]} Bxf6 {[%emt 0:00:01]} 21. Qxf6 {[%emt 0:00:02]} Qc7 {[%emt 0:00:55]} 22. Qxe6+ {[%emt 0:00:26]} Kh8 {[%emt 0:00:01]} 23. Bf4 {[%emt 0:00:08]} Qc5 {[%emt 0:00:55]} 24. Be5+ {[%emt 0:00:03]} 1-0

[Event "4th CNE NED-ch Women Rapid"]
[Site "Amstelveen"]
[Date "2018.11.18"]
[Round "6"]
[White "Keetman, Maaike"]
[Black "Haast, Anne"]
[Result "1/2-1/2"]
[WhiteElo "2176"]
[BlackElo "2309"]
[Annotator "NA"]
[PlyCount "84"]
[EventDate "2018.11.18"]
[EventType "tourn"]
[EventCountry "NED"]
[SourceTitle "playchess.com"]
[Source "ChessBase"]
[SourceQuality "1"]
[TimeControl "900+10"]

{[%evp 17,58,10,11,-12,-9,-17,1,0,2,0,32767,0,32767,0,0,-10,-7,-25,-13,-45,28,25,6,0,0,0,70,18,16,-18,22,0,32767,62,62,34,72,51,53,31,74,8,14]} 1. e4 {[%emt 0:00:00]} c5 {[%emt 0:00:00]} 2. Nf3 {[%emt 0:00:00]} e6 {[%emt 0:00:00]} 3. d4 {[%emt 0:00:00]} cxd4 {[%emt 0:00:00]} 4. Nxd4 {[%emt 0:00:00]} Nc6 {[%emt 0:00:00]} 5. Nc3 {[%emt 0:00:00]} a6 {[%emt 0:00:03]} 6. Nxc6 {[%emt 0:00:26]} bxc6 {[%emt 0:00:02]} 7. Bd3 {[%emt 0:00:04]} d5 {[%emt 0:00:26]} 8. O-O {[%emt 0:00:06]} Nf6 {[%emt 0:00:03]} 9. Bg5 {[%emt 0:01:24]} Be7 {[%emt 0:00:05] B46: Sicilian: Taimanov: 5 Nc3 a6} 10. e5 {[%emt 0:00:03]} Nd7 {[%emt 0:00:11]} 11. Bxe7 {[%emt 0:00:03]} Qxe7 {[%emt 0:00:01] LiveBook: 13 Games} 12. Qg4 {[%emt 0:01:24]} (12. Re1 c5 13. b3 Bb7 14. Qh5 h6 15. f4 O-O 16. Qe2 f6 17. exf6 Rxf6 {½-½ (49) Morozevich,A (2750)-Svidler,P (2754) Moscow 2009}) 12... Kf8 $146 {[%emt 0:00:09]} ({Predecessor:} 12... g6 13. Rfe1 Rb8 14. Rab1 O-O 15. g3 f6 16. exf6 Nxf6 17. Qe2 {0-1 (32) Phillips,R-Moffat,A (2105) Victoria 2012}) 13. f4 {[%emt 0:00:24]} Rb8 {[%emt 0:00:17]} 14. Rab1 {[%emt 0:00:18]} h5 {[%emt 0:00:27]} 15. Qe2 {[%emt 0:00:34]} Nc5 {[%emt 0:00:44]} 16. Kh1 {[%emt 0:00:41]} g6 {[%emt 0:00:12]} 17. Qf2 {[%emt 0:01:54]} a5 {[%emt 0:00:24]} 18. Ne2 {[%emt 0:01:06]} Bb7 {[%emt 0:02:07]} (18... Nxd3 $15 19. cxd3 c5) 19. Nd4 {[%emt 0:00:24]} Nxd3 {[%emt 0:00:44]} 20. cxd3 {[%emt 0:00:01]} c5 {[%emt 0:00:03]} 21. Nb3 {[%emt 0:00:22]} d4 {[%emt 0:00:02]} ({Black should play} 21... c4 $11 22. Nxa5 cxd3) 22. Nxa5 {[%emt 0:00:31]} ({White should play} 22. Rbc1 $16) 22... Bd5 {[%emt 0:00:04]} 23. b4 {[%emt 0:00:56]} h4 {[%emt 0:02:45]} 24. h3 {[%emt 0:00:26]} Qa7 {[%emt 0:01:12] [#]} 25. a3 $1 {[%emt 0:01:24]} Kg7 {[%emt 0:01:06]} 26. Rfc1 {[%emt 0:00:05]} Rb5 {[%emt 0:01:06]} 27. Nc4 {[%emt 0:00:42]} Bxc4 $1 {[%emt 0:00:23]} 28. dxc4 {[%emt 0:00:02]} Rbb8 {[%emt 0:00:08]} 29. bxc5 {[%emt 0:00:42]} (29. Ra1 $16) 29... Qxc5 $11 {[%emt 0:01:31]} 30. Rxb8 {[%emt 0:00:12]} Rxb8 {[%emt 0:00:01]} 31. Rd1 {[%emt 0:00:01]} Qxa3 {[%emt 0:00:45]} 32. Qxd4 {[%emt 0:00:26]} Rb3 {[%emt 0:01:20]} 33. f5 {[%emt 0:01:31]} gxf5 {[%emt 0:03:06]} 34. Qxh4 {[%emt 0:00:06]} Rd3 {[%emt 0:00:06]} 35. Rb1 {[%emt 0:02:27]} Rb3 {[%emt 0:00:06]} 36. Qg5+ {[%emt 0:01:05]} Kh7 {[%emt 0:00:10]} 37. Rf1 {[%emt 0:00:30]} Rg3 {[%emt 0:00:18]} 38. Qh4+ {[%emt 0:00:32]} Kg8 {[%emt 0:00:19]} 39. Qd8+ {[%emt 0:00:05]} Kh7 {[%emt 0:00:07]} 40. Rd1 {[%emt 0:00:17]} Rxh3+ {[%emt 0:00:18]} 41. gxh3 {[%emt 0:00:04]} Qxh3+ {[%emt 0:00:07]} 42. Kg1 {[%emt 0:00:01]} Qg3+ {[%emt 0:00:13]} 1/2-1/2

[Event "4th CNE NED-ch Women Rapid"]
[Site "Amstelveen"]
[Date "2018.11.18"]
[Round "7"]
[White "Haast, Anne"]
[Black "Kazarian, Anna-Maja"]
[Result "1-0"]
[WhiteElo "2309"]
[BlackElo "2194"]
[Annotator "TA"]
[PlyCount "93"]
[EventDate "2018.11.18"]
[EventType "tourn"]
[EventCountry "NED"]
[SourceTitle "playchess.com"]
[Source "ChessBase"]
[SourceQuality "1"]

{[%evp 12,92,23,28,37,0,0,-20,-16,-38,-29,-88,-28,-41,-41,-75,-10,-34,-43,-48,-34,-62,-56,-57,-50,-83,-40,-382,-56,-378,-397,-418,-291,-281,96,63,187,-48,-39,-49,43,46,30,-47,-35,-241,-254,-716,-233,-255,-257,-231,-249,-418,-417,-502,-380,-364,-202,-185,-120,-268,-116,-316,-314,-285,-214,-191,919,896,866,641,29993,29994,29994,29995,29997,29997,29997,29998,29998,29999,29999]} 1. e4 c6 2. Nf3 d5 3. Nc3 Bg4 4. h3 Bxf3 5. Qxf3 e6 6. Qg3 Nf6 7. d3 {LiveBook: 42 Games} d4 {B11: Caro-Kann: Two Knights Variation} (7... Nh5 8. Qh2 Bb4 9. Be2 Nf6 10. O-O O-O 11. Qg3 Kh8 12. e5 Nfd7 13. d4 Be7 14. a3 c5 15. dxc5 Bxc5 {1-0 (69) Naiditsch,A (2702)-Dautov,R (2596) Germany 2017}) 8. Ne2 c5 9. Bd2 Nc6 {The position is equal.} 10. Nc1 $146 ({Predecessor:} 10. O-O-O b5 11. h4 a5 12. h5 a4 13. h6 g6 14. e5 Nh5 15. Qh2 {0-1 (55) Laurent,C (2255)-Hassim,U (2344) corr 1998}) 10... Qb6 11. Nb3 (11. b3 $1 $11 {keeps the balance.}) 11... Nb4 ({Black should play} 11... a5 $17 12. a4 c4 $1 {[%mdl 512]} 13. dxc4 Nxe4) 12. Bxb4 $11 Qxb4+ 13. Nd2 c4 (13... Qxb2 $17 14. Rb1 Qxc2) 14. Rb1 c3 $36 {[%mdl 2048] Black has some pressure.} 15. bxc3 Qxc3 {aiming for ...Bb4.} 16. Qg5 a6 17. Rb3 Qxc2 {White must now prevent ...b5.} 18. Rxb7 Nd7 {...Rc8 is the strong threat.} (18... Qxa2 $6 19. Be2 $14) 19. Qg3 $2 {[%mdl 8192]} (19. Be2 $15) 19... Qc1+ $1 $19 20. Ke2 Rc8 $1 {[%cal Rc8c2]} 21. Nc4 Rxc4 22. dxc4 Qxc4+ $2 (22... Qc2+ $19 23. Kf3 Qc3+ 24. Ke2 d3+ $1 {[%mdl 576] Decoy} 25. Qxd3 Qxd3+ 26. Kxd3 Nc5+ {[%mdl 64] Double Attack} 27. Kc2 Nxb7) 23. Kd1 $16 Qc6 (23... Qxa2 $14 24. Qd3 (24. Qc7 Qa1+ 25. Qc1 Qxc1+ 26. Kxc1 Bd6 $14) 24... Qa1+ 25. Rb1 Qa4+ 26. Qc2 Qxc2+ 27. Kxc2 Bd6) 24. Rb1 $2 (24. Qc7 $18 Qa4+ 25. Qc2 Qxc2+ 26. Kxc2) 24... Bd6 $1 $15 {[%cal Rd6g3]} (24... Qxe4 $6 25. Qd3 $14) 25. Qxg7 Be5 (25... Qa4+ $1 $15 26. Rb3 Rf8) 26. Qg5 $14 Qa4+ 27. Rb3 (27. Ke1 $1 $11) 27... Qxa2 $15 28. Bc4 $2 ({Not} 28. Rb7 $2 Qa4+ 29. Kd2 (29. Ke1 $2 Qa1+ 30. Kd2 h6 $19) 29... h6 $19) (28. Rd3 $1 $15) 28... Qa4 $19 ({Don't go for} 28... d3 $2 29. Rb8+ $1 {[%mdl 512]} Bxb8 30. Bxa2 $18) 29. Kd2 $2 (29. Qc1 Nc5 30. Qc2) 29... Bf6 $2 (29... Qxc4 $2 30. Rc1 $19) (29... h6 30. Qh4 Nc5) 30. Qg3 {next Rc1 is good for White.} Qxc4 31. Rc1 Qa4 32. Rc8+ $2 (32. Ke1 {was necessary.}) 32... Ke7 33. Rc7 {If only White now had time for Rxd7+!...} Qa5+ 34. Ke2 e5 (34... Qh5+ $142 35. Qg4 Qe5) 35. Rbb7 {[#]} Qa2+ (35... Rd8 $1 $19 36. Qb3 Ke8) 36. Kd1 {[#]} (36. Kf1 $17 {was forced.} Qa1+ 37. Ke2 Qa2+ 38. Kf1 Qa1+ 39. Ke2 Qa2+) 36... Qa1+ (36... Rd8 $1 $19 {is more deadly.} 37. Rc2 Qa4) 37. Rc1 $2 (37. Ke2 $17 Rd8 38. Qb3) 37... Qa4+ 38. Ke1 Qa5+ 39. Kf1 Qd2 $4 {[%mdl 8192]} (39... Rd8 $19 40. Kg1 Qd2 41. Qa3+ Ke8) 40. Qa3+ $18 {[%mdl 64] Double Attack} Ke8 41. Rcb1 {Threatens to win with Qd6.} d3 {Black hopes to continue with ...Bh4.} 42. Qd6 {White mates.} Qe2+ 43. Kg1 Be7 44. Qxd7+ Kf8 45. Qxe7+ {[%mdl 64] Double Attack} Kg7 46. Qg5+ Kf8 47. Rb8# {Accuracy: White = 32%, Black = 35%.} 1-0

[Event "4th CNE NED-ch Women Rapid"]
[Site "Amstelveen"]
[Date "2018.11.18"]
[Round "7"]
[White "Paulet, Iozefina"]
[Black "De Jong-Muhren, Bianca"]
[Result "0-1"]
[WhiteElo "2281"]
[BlackElo "2243"]
[Annotator "NA"]
[PlyCount "176"]
[EventDate "2018.11.18"]
[EventType "tourn"]
[EventCountry "NED"]
[SourceTitle "playchess.com"]
[Source "ChessBase"]
[SourceQuality "1"]
[TimeControl "900+10"]

1. e4 {[%emt 0:00:00]} c5 {[%emt 0:00:00]} 2. Nf3 {[%emt 0:00:00]} e6 {[%emt 0:00:00]} 3. b3 {[%emt 0:00:00]} Nc6 {[%emt 0:00:13]} 4. Bb2 {[%emt 0:00:00]} a6 {[%emt 0:00:08]} 5. g3 {[%emt 0:00:33]} d6 {[%emt 0:00:32] LiveBook: 50 Games} 6. Bg2 {[%emt 0:00:02]} Nf6 {[%emt 0:00:18]} 7. d3 {[%emt 0:01:07]} Be7 {[%emt 0:00:10]} 8. O-O {[%emt 0:00:03]} O-O {[%emt 0:00:08]} 9. Re1 {[%emt 0:00:02] B30: Sicilian: 2...Nc6 3 Bb5, lines without ...g6} e5 {[%emt 0:00:56]} 10. c3 $146 {[%emt 0:00:14]} ({Predecessor:} 10. Nbd2 h6 11. c3 b5 12. d4 Bb7 13. d5 Nb8 14. c4 Nh7 15. h4 Nd7 16. Bh3 Nb6 {0-1 (43) Ryan,J (2285)-Balague Camps,M (2082) Barbera del Valles 2014}) 10... Re8 {[%emt 0:02:39]} 11. d4 {[%emt 0:00:16]} Bg4 {[%emt 0:01:14]} 12. d5 {[%emt 0:00:05]} Nb8 {[%emt 0:00:10]} 13. Nbd2 {[%emt 0:00:09]} Qc8 {[%emt 0:00:24]} 14. a4 {[%emt 0:00:10]} b6 {[%emt 0:00:56]} 15. Nc4 {[%emt 0:00:40]} Nbd7 {[%emt 0:00:01]} 16. Ne3 {[%emt 0:00:03]} Nf8 {[%emt 0:00:18]} 17. Nxg4 {[%emt 0:00:04]} Qxg4 {[%emt 0:00:46]} 18. h3 {[%emt 0:00:06]} Qd7 {[%emt 0:00:10]} 19. Nd2 {[%emt 0:00:02]} Ng6 {[%emt 0:00:51]} 20. Nc4 {[%emt 0:00:24]} Bd8 {[%emt 0:00:02]} 21. Ne3 {[%emt 0:00:04]} Nf8 {[%emt 0:01:00]} 22. Kh2 {[%emt 0:01:34]} g6 {[%emt 0:00:31]} 23. Bc1 {[%emt 0:00:28]} h5 {[%emt 0:00:10]} 24. h4 {[%emt 0:00:09]} N8h7 {[%emt 0:00:12]} 25. Bh3 {[%emt 0:00:02]} Qb7 {[%emt 0:00:42]} 26. Ng2 {[%emt 0:00:05]} b5 {[%emt 0:00:11]} 27. Re2 {[%emt 0:05:03]} c4 {[%emt 0:01:17]} (27... Ng4+ $16 28. Kg1 Ba5) 28. bxc4 {[%emt 0:00:41]} bxc4 {[%emt 0:00:01]} 29. Ba3 {[%emt 0:00:04]} Bc7 {[%emt 0:00:38]} 30. Rb1 {[%emt 0:00:09]} Qa7 {[%emt 0:00:02]} 31. f3 {[%emt 0:01:07]} Rab8 {[%emt 0:00:37]} 32. Reb2 {[%emt 0:00:04]} (32. Ne3 $18) 32... Rxb2 {[%emt 0:00:47]} 33. Rxb2 {[%emt 0:00:01]} Rb8 {[%emt 0:00:30]} 34. Qb1 {[%emt 0:00:01]} Rxb2 {[%emt 0:00:24]} 35. Qxb2 {[%emt 0:00:04]} Nf8 {[%emt 0:00:01]} 36. Qe2 {[%emt 0:00:57]} Ne8 {[%emt 0:00:40]} 37. Bc1 {[%emt 0:00:34]} Ba5 {[%emt 0:00:29]} 38. Bd2 {[%emt 0:01:03]} ({Much less strong is} 38. Qxc4 $6 Qf2 $14) 38... Nd7 {[%emt 0:00:34]} 39. Bxd7 {[%emt 0:00:09]} Qxd7 {[%emt 0:00:01]} 40. Qxc4 {[%emt 0:00:02]} Qb7 {[%emt 0:00:16]} 41. Be3 {[%emt 0:00:30]} Nc7 {[%emt 0:00:24]} 42. f4 {[%emt 0:00:15]} f6 {[%emt 0:00:26]} 43. fxe5 {[%emt 0:00:02]} fxe5 {[%emt 0:00:01]} 44. g4 {[%emt 0:00:36]} hxg4 {[%emt 0:01:07]} 45. Qe2 {[%emt 0:00:14]} Qc8 {[%emt 0:00:01]} 46. c4 {[%emt 0:00:03]} Ne8 {[%emt 0:00:16]} 47. Bg5 {[%emt 0:00:28]} Bb6 {[%emt 0:00:20]} 48. Ne3 {[%emt 0:00:02]} Bxe3 {[%emt 0:00:05]} 49. Bxe3 {[%emt 0:01:04]} Nf6 {[%emt 0:00:02]} 50. Bg5 {[%emt 0:00:09]} Nh5 {[%emt 0:00:07]} 51. a5 {[%emt 0:01:20]} g3+ {[%emt 0:00:13]} 52. Kg2 {[%emt 0:00:07]} Qc5 {[%emt 0:00:17]} 53. Be3 {[%emt 0:00:49]} Qxa5 {[%emt 0:00:07]} 54. c5 {[%emt 0:00:02]} (54. Qg4 $11 {remains equal.}) 54... Qb4 {[%emt 0:00:50]} (54... Qa4 $1 $15 55. Qd3 dxc5) 55. Qg4 {[%emt 0:00:11]} Nf4+ {[%emt 0:00:31]} 56. Kf3 {[%emt 0:00:41]} Qb1 {[%emt 0:00:17]} 57. Qxg3 $2 {[%emt 0:00:23]} (57. Qc8+ $11 {and White is okay.} Kh7 58. Qc7+ Kh6 59. Bxf4+ exf4 60. Qxd6 Qf1+ 61. Kg4) 57... Qd1+ {[%emt 0:00:06]} 58. Kf2 {[%emt 0:00:06]} Qe2+ {[%emt 0:00:15]} 59. Kg1 {[%emt 0:00:05]} Qd1+ {[%emt 0:00:01]} 60. Kh2 {[%emt 0:00:03]} Qc2+ {[%emt 0:00:05]} 61. Bf2 $2 {[%emt 0:00:09]} (61. Qf2 $11 {and White has nothing to worry.} Qxe4 62. Bxf4 exf4 63. c6) 61... dxc5 {[%emt 0:00:12]} ({Resist} 61... Qxe4 62. Qg4 $19) 62. h5 {[%emt 0:00:44]} Qxe4 {[%emt 0:00:04]} 63. hxg6 {[%emt 0:00:04]} Qxg6 {[%emt 0:00:25]} 64. Qxg6+ {[%emt 0:00:04]} Nxg6 {[%emt 0:00:01]} 65. Bxc5 {[%emt 0:00:01]} Kf7 {[%emt 0:00:07]} 66. Kg3 {[%emt 0:00:06]} Nf4 {[%emt 0:00:12]} 67. d6 $2 {[%emt 0:00:32]} (67. Kg4 $11 {and White is okay.}) 67... Ke6 {[%emt 0:00:02]} 68. Kf3 {[%emt 0:00:03] [#]} Nd5 $2 {[%emt 0:00:16]} 69. Ke4 $2 {[%emt 0:00:07]} (69. d7 $1 $11 {and White has nothing to worry.} Kxd7 70. Ke4) 69... Nf6+ {[%emt 0:00:15] Ba3 [%clk 0:01:13]} 70. Kd3 {[%emt 0:00:06] [#]} Ne8 $1 {[%emt 0:00:00]} 71. Kc3 $19 {[%emt 0:00:38]} Nxd6 {[%emt 0:00:00]} 72. Kb4 {[%emt 0:00:08]} Kd5 {[%emt 0:00:00]} 73. Bg1 {[%emt 0:00:06]} Nb7 {[%emt 0:00:00]} 74. Kc3 {[%emt 0:00:04]} a5 {[%emt 0:00:11]} 75. Bf2 {[%emt 0:00:10]} Ke4 {[%emt 0:00:15]} 76. Bg3 {[%emt 0:00:37]} Nd6 {[%emt 0:00:32]} 77. Bh2 {[%emt 0:00:04]} Kd5 {[%emt 0:00:11]} 78. Bg1 {[%emt 0:00:01]} e4 {[%emt 0:00:09]} 79. Kb3 {[%emt 0:00:14]} Nb7 {[%emt 0:00:20]} 80. Bb6 {[%emt 0:00:24]} Nc5+ {[%emt 0:00:08]} 81. Ka3 {[%emt 0:00:10]} Nb7 {[%emt 0:00:21]} 82. Kb3 {[%emt 0:00:01]} Ke5 {[%emt 0:00:06]} 83. Kc4 {[%emt 0:00:02]} Kf4 {[%emt 0:00:04]} 84. Bd4 {[%emt 0:00:22]} Kf3 {[%emt 0:00:03]} 85. Bc3 {[%emt 0:00:22]} e3 {[%emt 0:00:03]} 86. Kb5 {[%emt 0:00:03]} e2 {[%emt 0:00:07]} 87. Kc6 {[%emt 0:00:03]} a4 {[%emt 0:00:14]} 88. Kxb7 {[%emt 0:00:03]} a3 {[%emt 0:00:01]} 0-1

[Event "4th CNE NED-ch Women Rapid"]
[Site "Amstelveen"]
[Date "2018.11.18"]
[Round "7"]
[White "Ratsma, Rosa"]
[Black "Keetman, Maaike"]
[Result "1-0"]
[WhiteElo "2269"]
[BlackElo "2176"]
[Annotator "TA"]
[PlyCount "97"]
[EventDate "2018.11.18"]
[EventType "tourn"]
[EventCountry "NED"]
[SourceTitle "playchess.com"]
[Source "ChessBase"]
[SourceQuality "1"]

{[%evp 9,97,-4,-2,-2,11,-20,14,-15,-14,-122,4,-2,22,-14,-23,-13,-7,-69,-64,-51,-41,-47,-31,-34,-10,-11,0,-33,-21,-20,8,31,58,-12,-25,-4,35,-58,-53,-64,0,0,-2,-33,231,239,226,225,227,242,199,125,129,122,97,22,25,0,0,-173,-153,-157,-75,-58,0,0,0,0,0,0,0,0,0,0,8,8,24,12,12,8,8,0,18,17,48,14,29978,29979,29979,29980]} 1. e4 e6 2. d4 d5 3. Bd3 dxe4 4. Bxe4 Nf6 5. Bf3 Bd6 6. Ne2 {C01: French: Exchange Variation} O-O 7. O-O (7. Nbc3 c6 8. Bg5 Nbd7 9. Qd2 Qa5 10. O-O-O Nd5 11. Nxd5 Qxd2+ 12. Rxd2 cxd5 13. Bf4 Bb4 {0-1 (70) Onischuk,V (2612)-Nikolic,P (2603) Berlin 2015}) 7... c6 8. Bg5 {The position is equal.} h6 9. Bh4 (9. Be3 $11) 9... Nbd7 (9... g5 $1 $17 {[%cal Rg5h4]} 10. Bg3 g4 {[%mdl 64] Trapped Piece}) 10. Nd2 $11 e5 $146 ({Predecessor:} 10... Qc7 11. h3 b6 12. Nc4 Bb7 13. c3 b5 {0-1 (52) Hein,T-Miedeck,F Mecklenburg VP 2000}) 11. Bg3 Bc7 12. c3 Re8 {Threatens to win with ...e4.} 13. Nc1 (13. dxe5 $11 Nxe5 14. Bxe5 Bxe5 15. Nc4) 13... exd4 $15 14. cxd4 Nb6 15. Ndb3 Nbd5 16. Nd3 Bf5 17. Ne5 Nb4 18. Qd2 a5 19. a3 Nc2 20. Rad1 $1 Bb6 {next ...a4 is good for Black.} 21. Qf4 (21. Nc4 $14) 21... Be6 $11 {And now ...g5 would win.} 22. Nc5 Qe7 (22... g5 $5 {[%cal Rg5f4]} 23. Qc1 Nxd4 $11) 23. Nxe6 (23. Rc1 $1 $14 Bxc5 24. dxc5 (24. Rxc2 Bb6 $15)) 23... Qxe6 $15 24. Rd2 g5 (24... Nxd4 $1 $15 25. Rxd4 Bc7) 25. d5 $1 $36 {[%cal Rd5e6][%mdl 2048] White has good play.} cxd5 26. Qa4 {[#]} Nd4 $2 {[%mdl 8192]} (26... Ne3 $1 $15 {[%mdl 512] stays ahead.} 27. fxe3 Bxe3+ {[%mdl 64] Double Attack} 28. Rdf2 h5) 27. Rxd4 $18 Bxd4 28. Qxd4 Rac8 29. h4 Ne4 {[#]} 30. Bxe4 (30. Bh2 $1 $18) 30... dxe4 $16 31. hxg5 ({Don't play} 31. Qxe4 $6 f5 $11) 31... hxg5 32. Qxe4 (32. Nd7 $16 Rc4 33. Nf6+ {[%mdl 64] Double Attack} Kh8 34. Qd7 Qxd7 35. Nxd7) 32... f5 $1 $11 {[%cal Rf5e4]} 33. Qxb7 {Hoping for Nf3.} f4 34. Nf3 $2 (34. Bxf4 $11 gxf4 35. Nd3) 34... fxg3 $19 35. fxg3 g4 ({Better is} 35... Re7 36. Qb5 Qe3+ 37. Kh1 Rf8 38. Qd5+ Kh8) 36. Nh4 $17 {aiming for Nf5.} Rf8 ({Black should play} 36... Rb8 $15 37. Qc7 Qb6+ 38. Qxb6 Rxb6) 37. Rxf8+ $11 Rxf8 {[%mdl 4096] Endgame KQR-KQN} 38. Kh2 Qe5 39. Qb6 Rf6 40. Qd8+ Kg7 41. Qd7+ Kh6 42. Qxg4 Qg5 43. Qd4 Kg7 44. Qd7+ Rf7 45. Qd4+ Qf6 46. Qg4+ Kf8 47. Ng6+ Ke8 $2 {[%mdl 8192]} (47... Kg8 $11) 48. Qc8+ Qd8 {[#]} 49. Qe6+ $1 {Accuracy: White = 47%, Black = 35%.} 1-0